000 00899nmm a2200277 a 4500
001 ocm000703568
003 TR-IsHL
005 20201028153656.0
008 140402s2000 tu tur
007 cr cn
035 _a703568
_b(N$T)
050 0 4 _aTJ280.7
_b.C36 2000
090 0 4 _aTJ280.7
_b.C36 2000
100 1 _aCanik, Baki
245 1 0 _aJeotermal enerji
_h[electronic resource] /
_cBaki Canik ; Mehmet Çelık, Zafer Arıgün
260 _aAnkara :
_bAnkara Üniversitesi,
_c2000
300 _a65 p.
650 4 _aGenel Çalışmalar
650 4 _aGeneral Works
650 0 _aJeotermal kaynaklar
650 0 _aGeothermal resources
650 7 _aTECHNOLOGY & ENGINEERING / Power Resources / General
_2bisacsh
700 1 _aÇelik, Mehmet
700 1 _aArıgün, Zafer
856 4 0 _uhttp://search.ebscohost.com/login.aspx?direct=true&scope=site&db=e011xww&AN=703568
999 _c12173
_d12173